000 00768nas a2200277 4500
001 BR7901300
003 BR-BrBNA
005 20231205083647.0
007 ta
008 230509b bl.|||p| |||| 00| 00por d
040 _aBR-BrBNA
_bpor
_cBiblioteca Nacional de Agricultura
041 _a(Pt)
072 _aE10
100 1 _aChiarini, J.V.
100 1 _aBorgonovi, M.
100 1 _aAmaral, A.Z. do
100 1 _aCoelho, A.G. de S.
100 1 _aOliveira, D. de A.
245 1 _aUso do solo no estado de Sao Paulo, em 1962
650 _aMACROECONOMIA
650 _aUSO DA TERRA
650 _aSAO PAULO
773 0 _tBragantia (Brazil)
_xISSN 0006-8705
_g(1978), v. 37 12 p.
_wBR7901300
909 _a202311
_bLúcia
_c55
_dLúcia Elande
942 _2AGRIS
_n0
_cANA
999 _c100392
_d100392